• 首页
  • 本馆介绍
  • 公告通知
  • 最新文献
  • 馆藏检索
  • 电子资源
  • 读者导购
  • 参考咨询
  • 我的图书馆
  • 登录
  • 详细信息显示
  • 放入我的书架
  • 预约/预借图书
  • 作者相关作品
  • 分类相关作品
  • 丛书相关作品
  • 出版社相关作品

书目信息

  • 表格格式
  • 工作单格式
  • 卡片格式
题名:
抱朴子内篇校释
    
 
作者: 葛洪 , 王明 著
分册:  
出版信息: 北京   中华书局  1980
页数: 363页
开本: 19cm
丛书名:
单 册:
中图分类: B235.72 , B20
科图分类:
主题词: 古典哲学--中国--东晋 , 唯物主义--哲学--中国 , 唯心主义--哲学--中国
电子资源:
ISBN:
000 00749nam0 2200289 45
001 1161262065
005 20110927170401.75
010    @dCNY1.35
091    @aCN@b2018.159
100    @a19950621d1980 em y0chiy0121 ea
101 0  @achi
102    @aCN@b110000
105    @ay z 000yy
200 10 @a抱朴子内篇校释@Abao pu zi nei pian jiao shi@f葛洪著@g王明校释
210    @a北京@c中华书局@d1980
215    @a363页@d19cm
605    @a抱朴子@x注释
606 0  @a古典哲学@y中国@z东晋
606 0  @a唯物主义@x哲学@x中国
606 0  @a唯心主义@x哲学@x中国
690    @aB235.72@v3
690    @aB20@v4
701  0 @a葛洪@Age hong@4著
701  0 @a王明@Awang ming@4校释
801  0 @aCN@bTSSF
801  2 @aCN@bNLC
905    @a10447@dB20@eJY14
    
    抱朴子内篇校释/葛洪著/王明校释.-北京:中华书局,1980
    363页;19cm
    
    
    ISBN :CNY1.35
    
●
相关链接 在E读中查询图书 在五车中查询图书 在当当中查询图书 在豆瓣中查询图书


正题名:抱朴子内篇校释     索取号:B20/JY14         预约/预借

序号 登录号 条形码 馆藏地/架位号 状态 备注
1 7824382   278243820   学院路分馆/ [索取号:B20/JY14] 在馆    
唐山师范学院图书馆 欢迎您!
大连网信软件有限公司© 版权所有